000 00514nam a2200181Ia 4500
001 13468
005 20260306164803.0
008 260306t2004||||xx |||||||||||||| ||spa||
041 _aESP
082 _a004.22
_bK96
100 _aKurose, James F.
_eAUT
245 0 _aRedes de computadores :
_bun enfoque descendente basado en internet = Computer networkIngenierĂ­a A top-down approach featuring the internet
260 _c2004
300 _a
_c
650 _aGEN
654 _aCCC
942 _cLIB
_dJUS
_fJUS
_2ddc
_n
999 _c13468
_d13468